00698nam a2200169 i 450000100060000000300090000600500170001500700030003200800410003510000440007624502690012026000370038930000210042665000260044770000310047385200240050470267ES-MaACL20251017063054.0t|040721s1933 sp ||||1| spa d0 aGarcía del Real, Eduardo, d1870-194610aNotas a propósito de la historia del tifus exantemático b: discusos leídos en la Academia Nacional de Medicina para la recepción pública del académico electo / cEduardo García del Real y Alvarez Mijares ; contestación de Enrique Fernández Sanz. aMadrid : bJulio Cosano, c1933. a68 p. ; c22 cm.04aTifus exantemático.1 aFernández Sanz, Enrique. aES-MaACLj1768-F-16